| 000 | 01313namaa2200301 i 4500 | ||
|---|---|---|---|
| 003 | EG-GICUC | ||
| 005 | 20260223130822.0 | ||
| 008 | 260215s1986 le ak||jr|||| 000 0 ara d | ||
| 040 |
_aEG-GiCUC _bara _cEG-GiCUC _dEG-GiCUC _erda |
||
| 082 | 0 | 4 |
_221 _a419 _bB2191 |
| 092 | 0 | 4 |
_221 _a419 _bB2191 |
| 099 | _a419 B2191 | ||
| 100 | 1 |
_aبنانى، محمد الصغير _eمؤلف. |
|
| 245 | 1 | 2 |
_aالنظريات اللسانية والبلاغية عند العرب : _bالنظريات اللسانية والبلاغية والأدبية عند الجاحظ من خلال "البيان والتبيين". _cمحمد الصغير بنانى. |
| 250 | _aالطبعة الاولى | ||
| 264 |
_aبيروت (لبنان) : _bدار الحداثة للطباعة والنشر والتوزيع، _c1986. |
||
| 300 |
_a437 صفحة : _bإيضاحيات، اشكال ؛ _c20 سم |
||
| 336 |
_2rdacontent _atext |
||
| 337 |
_2rdamedia _aUnmediated |
||
| 338 |
_2rdacarrier _avolume |
||
| 504 | _aيشتمل على ارجاعات ببليوجرافية. | ||
| 541 |
_aد. جابر عصفور ؛ _bالقاهرة ؛ _cإهداء ؛ _d2024. |
||
| 650 | 1 | 7 |
_aاللغة العربية _xتاريخ _2qrmak |
| 650 | 1 | 7 |
_aالبلاغة العربية _2qrmak |
| 651 | 1 | _2qrmak | |
| 905 | _aAya | ||
| 942 |
_2ddc _cBK _e21 _n0 |
||
| 999 |
_c178502 _d178502 |
||